| 000 | 01152nam a22003137a 4500 | ||
|---|---|---|---|
| 005 | 20111109121942.0 | ||
| 008 | 111109t xxu||||| |||| 00| 0 eng d | ||
| 010 | _aENG-104074 | ||
| 020 |
_a9780198075929 _c495.00 |
||
| 020 |
_a0198075928 _c495.00 |
||
| 035 | _aEN-87607 | ||
| 037 | _bDBAD/PUB | ||
| 040 |
_aDPL _bEng |
||
| 082 | _a320.954 | ||
| 100 | _935772 | ||
| 245 |
_aThe Oxford companion to politics in India / _cedited by Niraja Gopal Jayal [and] Pratap Bhanu Mehta |
||
| 260 |
_aNew Delhi _bOxford University Press _c2011 |
||
| 270 |
_aYMCA Library Building, 1, Jai Singh Road _bNew Delhi _e110001 |
||
| 300 |
_axxxii,618p. _c25cm (pbk) |
||
| 500 | _aIncludes bibliographical references and index | ||
| 520 | _aContributed articles. | ||
| 600 | _935777 | ||
| 650 | _935779 | ||
| 651 |
_935773 _aIndia _xPolitics and government. |
||
| 700 |
_aJayal, Niraja Gopal. _935790 |
||
| 700 |
_aMehta, Pratap Bhanu _d1967- _935791 |
||
| 942 |
_2ddc _cEN _mOXF _h320.954 |
||
| 999 |
_c58268 _d58268 |
||